000 01011nam a22002297a 4500
005 20100820152635.0
008 100412t xxu||||| |||| 00| 0 ur d
010 _aUR-7809
020 _c90.00
035 _aU-6364
040 _adpl
_bur
082 _a841.092
100 _915656
245 _aمیر سیدعلی غمگین دہلوی المعروف بہ حضرت جی /
_cنسیم حضرت چی،مرتب
246 _aMir Sayyed Ali Gamgeen Dehlwi Almaroof-baHajrat Ji /
_bcompiled by Naseem Hajrat Ji
260 _aنسیم حضرت چی
270 _aNaseem Hajrat Ji
300 _a294,ص
_b22 س م (Pbk)
942 _2ddc
_cUR
_h841.092
_mم ی ر
999 _c42756
_d42756